Loading...
| Literature - World | 2 | 6 | 0 | 0 | 90 | 29 | 85.50 | 6 | 8 | 0.00 | 0.00 |
| Literature - British | 0 | 7 | 0 | 0 | 70 | 77 | 97.71 | 4 | 7 | 0.00 | 0.00 |
| History - World | 0 | 7 | 1 | 2 | 65 | 76 | 97.86 | 1 | 7 | 0.00 | 0.00 |
| Literature - European | 1 | 5 | 1 | 0 | 60 | 53 | 103.83 | 3 | 6 | 0.00 | 0.00 |
| Fine Arts - Other | 0 | 6 | 0 | 2 | 60 | 85 | 118.00 | 2 | 5 | 0.00 | 0.00 |
| History - American | 1 | 4 | 0 | 1 | 55 | 51 | 90.60 | 2 | 5 | 0.00 | 0.00 |
| Philosophy | 0 | 5 | 1 | 1 | 45 | 104 | 112.40 | 3 | 5 | 0.00 | 0.00 |
| History - European | 1 | 3 | 1 | 1 | 40 | 50 | 80.00 | 0 | 3 | 0.00 | 0.00 |
| History - Other | 0 | 4 | 1 | 1 | 35 | 78 | 91.25 | 0 | 4 | 0.00 | 0.00 |
| Literature - American | 0 | 4 | 2 | 0 | 30 | 101 | 118.25 | 0 | 3 | 0.00 | 0.00 |
| Fine Arts - Auditory | 0 | 3 | 0 | 0 | 30 | 80 | 94.67 | 2 | 3 | 0.00 | 0.00 |
| Mythology | 0 | 3 | 2 | 0 | 20 | 67 | 84.00 | 0 | 3 | 0.00 | 0.00 |
| Fine Arts - Visual | 0 | 2 | 1 | 1 | 15 | 93 | 110.00 | 1 | 2 | 0.00 | 0.00 |
| Science - Chemistry | 1 | 0 | 0 | 0 | 15 | 68 | 68.00 | 0 | 1 | 0.00 | 0.00 |
| Other Academic | 0 | 1 | 0 | 0 | 10 | 94 | 94.00 | 1 | 1 | 0.00 | 0.00 |
| Pop Culture | 0 | 1 | 0 | 0 | 10 | 110 | 110.00 | 1 | 1 | 0.00 | 0.00 |
| Religion- Edited | 0 | 1 | 0 | 0 | 10 | 114 | 114.00 | 0 | 1 | 0.00 | 0.00 |
| Science - Biology | 0 | 1 | 0 | 1 | 10 | 100 | 100.00 | 1 | 1 | 0.00 | 0.00 |
| Social Science- Edited | 0 | 1 | 0 | 0 | 10 | 114 | 114.00 | 0 | 1 | 0.00 | 0.00 |
| Mythology- Edited | 0 | 1 | 0 | 0 | 10 | 121 | 121.00 | 0 | 1 | 0.00 | 0.00 |
| Science - Other | 0 | 1 | 0 | 0 | 10 | 85 | 85.00 | 1 | 1 | 0.00 | 0.00 |
| Geography | 0 | 1 | 0 | 0 | 10 | 83 | 83.00 | 1 | 1 | 0.00 | 0.00 |
| Religion | 0 | 1 | 1 | 0 | 5 | 125 | 125.00 | 1 | 1 | 0.00 | 0.00 |
| Social Science | 0 | 0 | 1 | 0 | -5 | 0.00 | 0 | 0 | 0.00 | 0.00 |